000 00987nam a2200313 4500
001 01478
003 DO-SdBPM
005 20250820110527.0
007 ta
008 161129b 2010 ag a 00| 0 spa d
020 _a9870404375
040 _a DO-SdBPM
_bspa
_cBPMSU
_erda
082 4 _aA863.6
_bM538b 2010
_222
100 1 _aMéndez, Mario
_d1965-
_eautor
245 1 0 _aBrujas en el bosque /
_cMario Méndez ; ilustraciones de Javier Sánchez
250 _a
264 _aBuenos Aires, Argentina :
_bEdiciones Alfaguara
_c2010
300 _a131 páginas :
_bilustraciones ;
_c20 cm.
336 _atexto
_btxt
_2rdacontent
337 _asin mediación
_bnc
_2rdamedia
338 _avolumen
_bnc
_0
_2rdacarrier
490 0 _aAlfaguara Juvenil
590 _aInventariado, 2025/VM
650 7 _aNovela juvenil argentina.
650 7 _aBrujas
_vNovela juvenil
700 1 _a Sánchez, Javier
_eilustraciones
910 _aVMateo V. Control de calidad. BPMSU
942 _2ddc
_cBK
999 _c12164
_d12164